| 000 -LEADER |
| fixed length control field |
00258nam a2200109Ia 4500 |
| 008 - FIXED-LENGTH DATA ELEMENTS--GENERAL INFORMATION |
| fixed length control field |
200302s9999 xx 000 0 und d |
| 100 ## - MAIN ENTRY--PERSONAL NAME |
| Personal name |
Lenore Sherman |
| 245 ## - TITLE STATEMENT |
| Title |
Creative Painting |
| 260 ## - PUBLICATION, DISTRIBUTION, ETC. |
| Name of publisher, distributor, etc. |
Walter T. Foster Publication |
| 260 ## - PUBLICATION, DISTRIBUTION, ETC. |
| Date of publication, distribution, etc. |
1920 |
| 300 ## - PHYSICAL DESCRIPTION |
| Extent |
38 P., |